| 000 | 00784nam a2200241Ia 4500 | ||
|---|---|---|---|
| 003 | OSt | ||
| 005 | 20220927105412.0 | ||
| 006 | a|||||r|||| 00| 0 | ||
| 007 | ta | ||
| 008 | 220926b |||||||| |||| 00| 0 eng d | ||
| 024 | _a189590 | ||
| 037 | _cReference Collections | ||
| 040 |
_aRTL _cRTL _beng |
||
| 041 |
_2eng _aeng |
||
| 082 | _a"E.275s, N7" | ||
| 100 |
_aHunter W W _9372221 |
||
| 245 | 0 | _aStatistical account of the district of Hugli (Hooghly) including the magisterial district of Howrah | |
| 260 |
_aCalcutta _bGovernment of West Bengal _c1997 |
||
| 300 |
_a"xxxi, 266p Appendix: P 221-260" _ccm. |
||
| 490 | _a"Statistical Account of Bengal, Vol. 3, Part- II." | ||
| 942 |
_h"E.275s, N7" _cCC |
||
| 999 |
_c692359 _d692359 |
||